| 000 | nam a22 a 4500 | ||
|---|---|---|---|
| 999 |
_c4516 _d4516 |
||
| 003 | AKMAL | ||
| 005 | 20170531082139.0 | ||
| 008 | 17 s2003 my l 00 may d | ||
| 020 |
_a9677004107 (kkt.): _cRM 10.50 |
||
| 040 | _cAKMAL | ||
| 082 | 0 | 4 | _a347.59506 KET |
| 090 |
_a347.59506 _bKET |
||
| 110 | 1 |
_aMalaysia _9400 |
|
| 240 | 1 | 0 | _aAkta Keterangan, 1950 |
| 245 | 1 | 0 |
_aAkta Keterangan : _bsemua pindaan hingga Julai, 2003 Akta 56 |
| 260 |
_aKuala Lumpur : _bMDC Penerbit Pencetak , _c2003 |
||
| 300 |
_aviii, 93ms. ; _c26cm |
||
| 440 | 0 |
_aUNDANG-UNDANG MALAYSIA _98737 |
|
| 650 |
_aEvidence (Law) _zMalaysia _98308 |
||
| 650 |
_aConfession (Law) _zMalaysia _98728 |
||
| 942 |
_2ddc _cBOOK |
||